Nákup a predaj - praktikum

Salvato in:
Dettagli Bibliografici
Ente Autore: Ekonomická univerzita v Bratislave. Obchodná fakulta
Altri autori: Kita, Pavol
Natura: Libro
Lingua:slovacco
Pubblicazione: Bratislava Vydavateľstvo EKONÓM 2015
Edizione:1. vyd.
Tags: Aggiungi Tag
Nessun Tag, puoi essere il primo ad aggiungerne!!

MARC

LEADER 00000nam a2200000 4500
001 0211742
005 20240822101656.8
020 |a 978-80-225-4170-1 
041 0 |a slo 
044 |a SK 
245 1 0 |a Nákup a predaj - praktikum  |c zostavil: Pavol Kita 
250 |a 1. vyd. 
264 1 |a Bratislava  |b Vydavateľstvo EKONÓM  |c 2015 
300 |a 160 s. [6,34 AH] 
700 1 |a Kita, Pavol 
710 2 |a Ekonomická univerzita v Bratislave. Obchodná fakulta